Handbook of adolescent psychology (Record no. 6869)
[ view plain ]
| 000 -LEADER | |
|---|---|
| fixed length control field | 00560nam a2200169Ia 4500 |
| 020 ## - INTERNATIONAL STANDARD BOOK NUMBER | |
| ISBN | 9780470149201 |
| 082 ## - DEWEY DECIMAL CLASSIFICATION NUMBER | |
| Classification number | RR 155.5 HAN- |
| 245 #0 - TITLE STATEMENT | |
| Title | Handbook of adolescent psychology |
| 250 ## - EDITION STATEMENT | |
| Edition statement | 3rd |
| 260 ## - PUBLICATION, DISTRIBUTION, ETC. (IMPRINT) | |
| Place of publication | Hoboken |
| Name of publisher | John Wiley & Sons |
| Year of publication | 2009 |
| 500 ## - GENERAL NOTE | |
| General note | contents: 2 Vols. Vol.1 (Individual bases of adolescent development), (xv, 823p.) - v.2 (contextual influences on adolescent development), (xiii, 705p.) |
| 504 ## - BIBLIOGRAPHY, ETC. NOTE | |
| Bibliography, etc | includes index |
| 650 ## - SUBJECT ADDED ENTRY--TOPICAL TERM | |
| Topical Term | Adolescent psychology |
| 700 ## - ADDED ENTRY--PERSONAL NAME | |
| Personal name | Lerner, Richard M. |
| 700 ## - ADDED ENTRY--PERSONAL NAME | |
| Personal name | Steinberg, Laurence |
| 942 ## - ADDED ENTRY ELEMENTS (KOHA) | |
| Koha item type | Books |
| Withdrawn status | Lost status | Damaged status | Not for loan | Home library | Current library | Date acquired | Source of acquisition | Bill Date | Full call number | Accession Number | Price effective from | Koha item type |
|---|---|---|---|---|---|---|---|---|---|---|---|---|
| NASSDOC Library | NASSDOC Library | 16/11/2009 | GOVIND | 2009-09-24 | RR 155.5 HAN- | 45814 | 18/04/2019 | Books | ||||
| NASSDOC Library | NASSDOC Library | 16/11/2009 | GOVIND | 2009-09-24 | RR 155.5 HAN- | 45815 | 18/04/2019 | Books |
